| 000 | 00000nam##2200000za#4500 |
| 001 | 9.624450 |
| 003 | CaOODSP |
| 005 | 20200401045139 |
| 007 | ta |
| 008 | 150406|1997||||xxc||||| f|0| 0 fre|d |
| 020 | |a0-662-82197-1 |
| 040 | |aCaOODSP|bfre |
| 043 | |an-cn--- |
| 086 | 1 |aEn56-119/3-1997F |
| 110 | 1 |aCanada. |bEnvironnement Canada. |
| 245 | 10|aChapitre québécois de l'étude pan-canadienne sur les impacts et l'adaptation à la variabilité et au changement du climat|cpar Luc Bergeron, Gérald Vigeant et Jacinthe Lacroix. |
| 246 | 14|aImpacts et adaptation à la variabilité et au changement du climat au Québec |
| 260 | |aOttawa - Ontario : |bEnvironnement Canada |c1997. |
| 300 | |axlv, 270p. : |bcartes, références, tableaux ; |c28 cm. |
| 490 | 1 |aL'etude pan-canadienne|vTome V |
| 500 | |a«Tout au long de ce document, un effort particulier a été consacré à bien positionner la problématique du changement climatique dans un contexte québécois en faisant toujours référence à des événements climatiques passés et présents, déjà observés et parfois documentés, afin de nous faire réaliser l'ampleur, le spectre et l'importance de leurs répercussions au Québec.»--Sommaire exécutif. |
| 520 | 3 |aTout au long de ce document, un effort particulier a été consacré à bien positionner la problématique du changement climatique dans un contexte québécois en faisant toujours référence à des événements climatiques passés et présents, déjà observés et parfois documentés, afin de nous faire réaliser l'ampleur, le spectre et l'importance de leurs répercussions au Québec.--Sommaire exécutif |
| 563 | |aCouverture souple |
| 590 | |a00-20|b2000-05-19 |
| 691 | 07|aClimat|2gcpds |
| 691 | 07|aÉcosystème|2gcpds |
| 691 | 07|aImpact sur l'environnement|2gcpds |
| 720 | 1 |aBergeron, Luc |
| 720 | 1 |aVigeant, Gérald |
| 720 | 1 |aLacroix, Jacinthe |
| 776 | 0#|tChapitre québécois de l'Étude pan-canadienne sur les impacts et l'adaptation à la variabilité et au changement du climat|w(CaOODSP)9.604332 |
| 830 | #0|aL'étude pan-canadienne ;|vTome V|w(CaOODSP)9.512985 |